Statistics for Tanks of WW2

Click here to take the quiz!

General Stats

  • This quiz has been taken 2,157 times
  • The average score is 4 of 9

Answer Stats

Hint Answer % Correct
Germany Heavy TankTiger
97%
Backbone of Allied armorSherman
88%
Soviet Tank that outclassed Panzers III and IVT-34
80%
British tank named after a British Prime MinisterMk IV Churchill
79%
Common tank is Soviet service since the start of WW2T26
23%
Super Heavy Tank that had 2 prototypes and never saw actionT28
15%
French Tank that was able to destroy thirteen PanzersChar B1
15%
Important Polish tank7TP
7%
Japanese main tankType 95 Ha-Go
2%

Score Distribution

Percentile by Number Answered

Percent of People with Each Score

Your Score History

You have not taken this quiz